MARC Record
Leader
003
BE-GnUNI
007
't'u
035
a| (MSK)314000111
084
a| II.B.237
245
0
4
a| Het Brugs Ommeland (voortgezet als :
b| Mededelingen voor het Brugs Ommeland; Heemkundige bijdragen voor Brugge en Ommeland).
260
a| Brugge :
b| Heemkundige Kring Maurits Van Coppenolle,
c| 1961-.
500
a| Http://geschiedenisbrugge.brugseverenigingen.be/BrugsOmmelandtijdschrift
546
a| Nederlands
500
a| Tijdschriften
852
4
b| MSK
c| MSK
j| II.B.237
920
a| tijdschrift
001
000044319
005
20241224121705.0